Tu peux entendre ces images - édition politique française - Statistiques

Statistiques générales
  • Ce quiz a été pris 32 fois
  • Le résultat moyen est 14 sur 38
Statistiques - réponses
Photo Réponse % Correct
Melenchon La république c'est moi
83%
Pecresse Debout !
75%
Macron Nous sommes en guerre
75%
VGE Au revoir
71%
Hollande Be proud of you because you can be do what we want to do
71%
Borne En vertu de l'article 49 alinéa 3 de la constitution
71%
Glucksmann Il faut un cap clair, on va pas refaire la Nupes là. Il y a eu une inversion des rapports de force.
67%
Lassalle Mon cochon préféré ? C'est une petite cochonne, c'est mon épouse
67%
Macron C'est de la poudre de perlimpinpin
58%
MLP Ils sont là, ils sont dans les villes, dans les campagnes, sur les réseaux sociaux
58%
JMLP Je vais te faire courir moi le rouquin
50%
Jospin J'assume pleinement la responsabilité de cet échec et en tire les conclusions en me retirant de la vie politique
46%
Macron Je n'ai pas d'amis
46%
Hollande Moi président de la république
46%
VGE Vous n'avez pas le monopole du coeur monsieur Mitterand
46%
Cahuzac Je n'ai pas, je n'ai jamais eu de compte à l'étranger
42%
Melenchon Moi ? Moi ? Mais qui elle est celle la
42%
JMLP Le pédophile Cohn-Bendit
33%
Sarko Quelle indignité ! Nous sommes sur le service public
33%
Darmanin Calmez-vous madame, ça va bien se passer
29%
Et si on ajoute à ça le bruit et l'odeur
29%
JMLP Je crois que c'est un point de détail de l'histoire de la seconde guerre mondiale
29%
Mitterand Mais vous avez tout a fait raison monsieur le premier ministre
29%
Bayrou Tu me fais pas les poches !
29%
Balladur Je vous demande de vous arrêter
25%
Sarko Casse-toi pauvre con
21%
Hollande Cet adversaire, c’est le monde de la finance.
21%
Chirac J'ai décidé de dissoudre l'Assemblée Nationale
21%
NDA Je serai au second tour de l’élection présidentielle de 2017, les français veulent une alternative sérieuse
21%
Nous vivons la fin de l'abondance
21%
Sarko Vous en avez assez hein, vous en avez assez de cette bande de racaille ? Eh bah on va vous en débarasser
21%
Chirac Mangez des pommes !
17%
Valls Tu me mets quelques Blancs, quelques white, quelques blancos.
13%
Melenchon Le problème, c'est celui de ceux qui se gavent
4%
Sarko Qu'est-ce que vous préférez que je réponde aux questions ? Alors, y a-t-il des questions ?
4%
Lassalle Tu vas me mettre en forme avant le discours toi
4%
Chirac What do you want? Me to go back to my plane and to go back to France?
4%
Pecresse Je suis endettée personellement à hauteur de cinq millions d'euro
0%
Aucun quiz correspondant
Distribution des résultats
% des personnes avec chaque résultat
Percentile par nombre de réponses
Votre historique - résultats
Vous n’avez pas pris ce quiz